Представление документа в формате RUSMARC

ПолеНазваниеЗначение
  Тип записи a
  Библиографический уровень m
001 Контрольный номер UONB/MAIN/19b8f8e600c24ab19d1269e0f3a63b99
005 Дата корректировки 20260524130915.3
010 Индекс ISBN __
a ISBN 5-288-00110-3
d Цена 2 р.
9 Тираж 1030 экз.
100 Данные общей обработки __
a Данные общей обработки 20260514d1988 m y0rusy0189 ca
101 Язык документа 0_
a Язык текста rus
102 Страна публикации __
a Страна публикации RU
105 Кодированные данные (монография) __
a Кодированные данные (монография) y z 000yb
200 Заглавие и сведения об ответственности 1_
a Заглавие Жигмонд Мориц и его время
f Первые сведения об ответственности Л. И. Сувиженко
g Последующие сведения об ответственности ЛГУ им. А. А. Жданова
203 Вид содержания и тип средства __
a Вид содержания Текст
b Характеристика содержания визуальный
c Тип средства непосредственный
210 Выходные данные 1_
a Место издания Ленинград
c Издательство Издательство ЛГУ
d Дата издания 1988
215 Физическое описание __
a Объем 152, [1] с.
d Формат 22 см
600 Персоналии _1
a Персоналии (Фамилия) Мориц
b Персоналии (Имя, инициалы) Ж.
g Полное имя Жигмонд
606 Тематические рубрики 0_
a Основная рубрика Венгерская литература
z Хронологическая подрубрика 20 в.
610 Ключевые слова 0_
a Ключевые слова венгерская литература
610 Ключевые слова 0_
a Ключевые слова венгерские писатели
675 Индекс УДК __
a Индекс УДК 8И(Венг)
686 Индексы других классификаций __
a Классификационный индекс 83.3(4Вн)
2 Код системы rubbk
700 Автор _1
a Фамилия Сувиженко
b Имя (инициалы) Л. И.
g Полное личное имя Леонид Иванович
4 Код отношения 070
712 Наименование организации (Вторичная ответственность) 02
a Организация/ юрисдикция ЛГУ им. А. А. Жданова
4 Код отношения 570
801 Источник записи _0
a Страна RU
b Организация Ульяновская ОНБ
c Дата составления 20260514
g Правила каталогизации RCR
801 Источник записи _1
a Страна RU
b Организация Ульяновская ОНБ
c Дата составления 20260514
g Правила каталогизации RCR
901 Тип документа __
t Тип документа m
909 Создатель записи __
a Создатель записи Грязнова Т.
b Дата создания записи 20260514